000 01205 a2200277 4500
001 59312
005 20260407155847.0
008 260407a1966 arg spa d
003 AR-UNSa-BCEJYS
040 _aAR-UNSa-BCEJYS
_bspa
_cAR-UNSa-BCEJYS
080 _a339.92
_xCooperación económica internacional. Integración económica internacional
245 1 0 _aIntegración y formación de comunidades políticas
_panálisis sociológico de experiencias históricas
264 1 _aBuenos Aires :
_bBID/INTAL (Banco Interamericano de Desarrollo. Instituto para la integración de América Latina)
_c1966
300 _a256 p.
_c23 cm.
505 _a1. Principales hallazgos: las condiciones originarias – 2. Principales hallazgos: la integración como proceso – 3. Estado actual de la integración en el área del Atlántico Norte – 4. Consecuencias políticas para el área del Atlántico Norte -
942 _cBK
590 _aniveau_biblio:m niveau_hierar:0
100 1 _aDeutsch, Karl W.
700 1 _aBurrell, S.A.
700 1 _akann, R.A.
700 1 _aLee, M,Jr.
700 1 _aLichterman, M.
700 1 _aLindgren, R.E.
700 1 _aLoewenheim, F.L.
700 1 _aVan Wagenen, R.W.
999 _c6647
_d6647